000 00975nac a22003017a 4500
001 BR0809129
003 BR-BrBNA
005 20240105123707.0
008 230509b bl.|||m| |||| 00| 0 por d
040 _aBR-BrBNA
_bpor
_cBiblioteca Nacional de Agricultura
072 _aL01
090 _a5300 BR0809129
100 1 _aCosta, O.A.D.
100 1 _aDiesel, R.
100 1 _aLopes, E.J.C.
100 1 _aHoldefer, C.
100 1 _aMüller, A.
110 1 _aEMBRAPA Suínos e Aves, Concórdia, SC (Brasil)
245 1 _aSistema intensivo de suínos criados ao ar livre SISCAL: brete de manejo e carregadouro móvel de suínos
260 3 _aConcórdia, SC (Brasil):
_c2001.
300 _a3 p.
490 _aComunicado Técnico - EMBRAPA Suínos e Aves (Brazil)
_vno. 275
_xISSN 0100-8862
650 _aSUÍNOS
650 _aCRIAÇÃO INTENSIVA
650 _aINSTALAÇÃO PARA ANIMAL
909 _a202312
_bLúcia Elande
_c55
_dLúcia Elande
942 _2AGRIS
_n0
_cMS
999 _c296584
_d296584